|
|
|
|
| LEADER |
00000cam a22000004a 4500 |
| 001 |
musev2_3185 |
| 003 |
MdBmJHUP |
| 005 |
20230905040413.0 |
| 006 |
m o d |
| 007 |
cr||||||||nn|n |
| 008 |
070311s2007 txu o 00 0 eng d |
| 010 |
|
|
|z 2007010382
|
| 020 |
|
|
|a 9780292794832
|
| 020 |
|
|
|z 0292717253
|
| 020 |
|
|
|z 0292794835
|
| 020 |
|
|
|z 9780292717251
|
| 035 |
|
|
|a (OCoLC)712979929
|
| 040 |
|
|
|a MdBmJHUP
|c MdBmJHUP
|
| 043 |
|
|
|a s-bl---
|
| 050 |
0 |
4 |
|a F2538.27.P565
|b D85 2007
|
| 082 |
0 |
|
|a 986.01092
|a B
|2 22
|
| 100 |
1 |
|
|a Dulles, John W. F.
|
| 245 |
1 |
0 |
|a Resisting Brazil's Military Regime :
|b An Account of the Battles of Sobral Pinto /
|c John W.F. Dulles.
|
| 250 |
|
|
|a 1st ed.
|
| 264 |
|
1 |
|a Austin :
|b University of Texas Press,
|c 2007.
|
| 264 |
|
3 |
|a Baltimore, Md. :
|b Project MUSE,
|c 2012
|
| 264 |
|
4 |
|c ©2007.
|
| 300 |
|
|
|a 1 online resource (324 pages):
|b ill., map ;
|
| 336 |
|
|
|a text
|b txt
|2 rdacontent
|
| 337 |
|
|
|a computer
|b c
|2 rdamedia
|
| 338 |
|
|
|a online resource
|b cr
|2 rdacarrier
|
| 504 |
|
|
|a Includes bibliographical references (p. [225]-266) and index.
|
| 588 |
|
|
|a Description based on print version record.
|
| 600 |
1 |
0 |
|a Pinto, Heráclito Sobral,
|d 1893-1991.
|
| 651 |
|
0 |
|a Brazil
|x Politics and government
|y 20th century.
|
| 650 |
|
0 |
|a Lawyers
|z Brazil.
|
| 655 |
|
7 |
|a Electronic books.
|2 local
|
| 710 |
2 |
|
|a Project Muse.
|e distributor
|
| 830 |
|
0 |
|a Book collections on Project MUSE.
|
| 856 |
4 |
0 |
|z Texto completo
|u https://projectmuse.uam.elogim.com/book/3185/
|
| 945 |
|
|
|a Project MUSE - Custom Collection
|
| 945 |
|
|
|a Project MUSE - Archive Complete Foundation
|
| 945 |
|
|
|a Project MUSE - Archive History Foundation
|
| 945 |
|
|
|a Project MUSE - Archive Latin American and Caribbean Studies Foundation
|